[Event "EU-chT Seniors 15th"]
[Site "Dresden"]
[Date "2013.07.27"]
[Round "8"]
[White "Ritter, Fredy"]
[Black "Johannsen, Ingbert"]
[Result "1-0"]
[WhiteElo "1528"]
[BlackElo "1933"]
[PlyCount "33"]
[EventDate "2013.07.20"]
[EventType "team-swiss"]
[EventRounds "9"]
[EventCountry "GER"]
[SourceTitle "CBM 155 Extra"]
[Source "ChessBase"]
[SourceDate "2013.08.26"]
[SourceVersion "1"]
[SourceVersionDate "2013.08.26"]
[SourceQuality "1"]
[WhiteTeam "Radebeul Chemie"]
[BlackTeam "Stoertebeker"]
[WhiteTeamCountry "GER"]
[BlackTeamCountry "GER"]

1. e4 e6 2. d4 d5 3. Nd2 Nf6 4. e5 Nfd7 5. Ngf3 c5 6. c3 Nc6 7. Bd3 Qb6 8. Qa4 cxd4 9. cxd4 Bb4 10. a3 Be7 11. Nb3 0-0 12. Bd2 f6 13. exf6 Bxf6 14. Be3 a6 15. 0-0 Qa7 16. Na5 Nxa5 17. Qxa5 1-0

[Event "MVP-ch Seniors op 12th"]
[Site "Binz"]
[Date "2012.12.04"]
[Round "7"]
[White "Barlo, Werner"]
[Black "Johannsen, Ingbert"]
[Result "0-1"]
[WhiteElo "1579"]
[BlackElo "1708"]
[PlyCount "86"]
[EventDate "2012.11.28"]
[EventType "swiss"]
[EventRounds "9"]
[EventCountry "GER"]
[SourceTitle "EXT 2014"]
[Source "ChessBase"]
[SourceDate "2013.11.20"]
[SourceVersion "1"]
[SourceVersionDate "2013.11.20"]
[SourceQuality "1"]

1. d4 Nf6 2. Nf3 e6 3. c4 d5 4. Nc3 c6 5. e3 Be7 6. Be2 0-0 7. 0-0 Re8 8. cxd5 exd5 9. h3 Bd6 10. Bd3 Nbd7 11. Qc2 Nf8 12. Bd2 b6 13. e4 dxe4 14. Nxe4 Bb7 15. Nxd6 Qxd6 16. Bc3 Nd5 17. Rfe1 h6 18. Rad1 Nb4 19. Bxb4 Qxb4 20. a3 Qd6 21. Ne5 Rac8 22. Qb3 Ne6 23. Bf5 Rc7 24. Qe3 Rce7 25. Bxe6 Rxe6 26. Qd2 c5 27. f3 cxd4 28. Nd3 Re3 29. Nf2 Qg3 30. Ne4 Bxe4 31. fxe4 R8xe4 32. Rxe3 dxe3 33. Qe2 f5 34. Rd8+ Kh7 35. Rd5 Qg6 36. Qf1 e2 37. Qe1 Qe6 38. Rd3 Qc4 39. Rd2 Qc5+ 40. Kh1 Qe3 41. Kh2 Qxd2 42. Qxd2 e1Q 43. Qd5 Qf2 0-1

[Event "MVP-ch Seniors op 12th"]
[Site "Binz"]
[Date "2012.12.02"]
[Round "5"]
[White "Hildenstein, Bernt"]
[Black "Johannsen, Ingbert"]
[Result "1/2-1/2"]
[WhiteElo "1576"]
[BlackElo "1708"]
[PlyCount "118"]
[EventDate "2012.11.28"]
[EventType "swiss"]
[EventRounds "9"]
[EventCountry "GER"]
[SourceTitle "EXT 2014"]
[Source "ChessBase"]
[SourceDate "2013.11.20"]
[SourceVersion "1"]
[SourceVersionDate "2013.11.20"]
[SourceQuality "1"]

1. e4 e5 2. Nf3 Nc6 3. Bb5 a6 4. Ba4 Nf6 5. 0-0 Be7 6. Re1 d6 7. c3 Bg4 8. d3 0-0 9. Be3 b5 10. Bb3 Na5 11. Bc2 c5 12. Nbd2 Qc7 13. Nf1 Nc6 14. h3 Bh5 15. Ng3 Bg6 16. Nh4 d5 17. Nxg6 hxg6 18. exd5 Nxd5 19. Bd2 Rfd8 20. Qf3 Nb6 21. Rad1 Rd7 22. Ne4 Rad8 23. Ng5 Bf6 24. Be3 c4 25. Bxb6 Qxb6 26. Ne4 Be7 27. dxc4 bxc4 28. Rxd7 Rxd7 29. Ba4 Rd3 30. Qe2 f5 31. Nd2 Qxb2 32. Nxc4 Qxe2 33. Rxe2 Rxc3 34. Bxc6 Kh7 35. Bd5 e4 36. g3 Bc5 37. Kg2 g5 38. Ne3 g6 39. Rc2 Rxc2 40. Nxc2 Kg7 41. Kf1 Kf6 42. Ke2 Ke5 43. Bf7 Kf6 44. Bc4 a5 45. Ne3 Ke5 46. Ng2 f4 47. gxf4+ gxf4 48. f3 g5 49. a4 Kd4 50. Bb5 Bb4 51. h4 g4 52. Nxf4 exf3+ 53. Kf2 Ke4 54. Ng6 Bd6 55. Bc6+ Kf5 56. Nh8 Kf4 57. Ng6+ Kf5 58. Be8 Bc5+ 59. Kg3 Bd6+ 1/2-1/2

[Event "MVP-ch Seniors op 12th"]
[Site "Binz"]
[Date "2012.11.29"]
[Round "2"]
[White "Johannsen, Ingbert"]
[Black "Ludwig, Richard"]
[Result "1-0"]
[WhiteElo "1708"]
[BlackElo "1451"]
[PlyCount "45"]
[EventDate "2012.11.28"]
[EventType "swiss"]
[EventRounds "9"]
[EventCountry "GER"]
[SourceTitle "EXT 2014"]
[Source "ChessBase"]
[SourceDate "2013.11.20"]
[SourceVersion "1"]
[SourceVersionDate "2013.11.20"]
[SourceQuality "1"]

1. e4 Nf6 2. e5 Nd5 3. d4 d6 4. f4 dxe5 5. fxe5 Nc6 6. Nf3 Bf5 7. Bd3 Bxd3 8. Qxd3 e6 9. 0-0 Be7 10. c4 Nb6 11. Nc3 0-0 12. Be3 Nb4 13. Qe2 c6 14. a3 Na6 15. Rad1 Qc7 16. Ne4 Rad8 17. Qc2 f5 18. exf6 Bxf6 19. Neg5 Bxg5 20. Nxg5 Rxf1+ 21. Rxf1 g6 22. Rf7 Qc8 23. Rxh7 1-0

[Event "Hessen-ch Seniors op 08th"]
[Site "Bad Sooden-Allendorf"]
[Date "2012.04.16"]
[Round "3"]
[White "Haubt, Georg"]
[Black "Johannsen, Ingbert"]
[Result "1-0"]
[WhiteElo "2215"]
[BlackElo "2035"]
[PlyCount "75"]
[EventDate "2012.04.14"]
[EventType "swiss"]
[EventRounds "9"]
[EventCountry "GER"]
[SourceTitle "EXT 2019"]
[Source "ChessBase"]
[SourceDate "2018.10.10"]
[SourceVersion "1"]
[SourceVersionDate "2018.10.10"]
[SourceQuality "1"]

1. e4 e6 2. d4 d5 3. Nd2 Nf6 4. e5 Nfd7 5. f4 c5 6. c3 Nc6 7. Ndf3 cxd4 8. cxd4 Bb4+ 9. Kf2 f6 10. Be3 0-0 11. Bd3 fxe5 12. fxe5 Be7 13. Qc2 h6 14. Bg6 Nb6 15. Ne2 Bd7 16. Nf4 Rc8 17. Bh7+ Kh8 18. Ng6+ Kxh7 19. Nxe7+ Kh8 20. Nxc8 Bxc8 21. b3 Qh4+ 22. Kg1 Qg4 23. h3 Qh5 24. g4 Qe8 25. Rf1 Qe7 26. Rh2 Bd7 27. Rhf2 Rc8 28. Qd2 Nb4 29. Ne1 Bb5 30. Rf7 Qh4 31. R1f3 a5 32. a3 Nc6 33. Rxb7 Rb8 34. Rxb8+ Nxb8 35. Qxa5 Nc6 36. Qxb5 Qxe1+ 37. Kg2 Ne7 38. Qe8+ 1-0

[Event "MVP-ch Seniors op 11th"]
[Site "Binz"]
[Date "2011.12.01"]
[Round "2.15"]
[White "Johannsen, Ingbert"]
[Black "Schreiber, Kurt"]
[Result "0-1"]
[WhiteElo "1809"]
[BlackElo "2051"]
[PlyCount "62"]
[EventDate "2011.11.30"]
[EventType "swiss"]
[EventRounds "9"]
[EventCountry "GER"]
[SourceTitle "EXT 2013"]
[Source "ChessBase"]
[SourceDate "2012.11.22"]
[SourceVersion "1"]
[SourceVersionDate "2012.11.22"]
[SourceQuality "1"]

1. e4 e5 2. Nc3 Nf6 3. f4 d5 4. fxe5 Nxe4 5. Nf3 Be7 6. Qe2 Nxc3 7. dxc3 0-0 8. Bd2 c5 9. 0-0-0 Nc6 10. h3 Be6 11. Kb1 a6 12. g4 b5 13. Qg2 Qc7 14. Re1 Rab8 15. Bd3 b4 16. Bf5 bxc3 17. Bxc3 d4 18. Bd2 Qb6 19. Bc1 Bxa2+ 20. Kxa2 Qa5+ 21. Kb1 Nb4 22. Bf4 Qa2+ 23. Kc1 Nd5 24. Qh2 Rxb2 25. Kd2 Qc4 26. Rc1 d3 27. Bxd3 Qb4+ 28. Kd1 Nxf4 29. Bxa6 Rd8+ 30. Nd2 Bg5 31. Re1 Ng2 0-1

[Event "EU-chT Seniors 12th"]
[Site "Dresden"]
[Date "2010.02.17"]
[Round "8"]
[White "Morant, Paul"]
[Black "Johannsen, Ingbert"]
[Result "1-0"]
[WhiteElo "2194"]
[BlackElo "2071"]
[PlyCount "79"]
[EventDate "2010.02.10"]
[EventType "team-swiss"]
[EventRounds "9"]
[EventCountry "GER"]
[SourceTitle "CBM 134 Extra"]
[Source "ChessBase"]
[SourceDate "2010.03.03"]
[SourceVersion "1"]
[SourceVersionDate "2010.03.03"]
[SourceQuality "1"]
[WhiteTeam "Turku TS (Seniors)"]
[BlackTeam "Stoertebeker (Seniors)"]
[WhiteTeamCountry "FIN"]
[BlackTeamCountry "GER"]

1. e4 e6 2. d4 d5 3. Nc3 Nf6 4. Bg5 Be7 5. e5 Nfd7 6. Bxe7 Qxe7 7. Qg4 f5 8. Qh5+ g6 9. Qh6 Nc6 10. 0-0-0 Nb6 11. Nf3 Bd7 12. h4 0-0-0 13. Qe3 h6 14. Nd2 g5 15. g3 Kb8 16. Nb3 Bc8 17. Bb5 g4 18. Nc5 h5 19. Ne2 Na5 20. Qa3 Nc6 21. Bxc6 Qf8 22. Bb5 c6 23. Bd3 Na8 24. Nf4 Nc7 25. Kb1 b5 26. Qa5 Rh7 27. a4 bxa4 28. Qxa4 Qe8 29. Be2 Nb5 30. Rd3 Re7 31. Rb3 a6 32. Nxa6+ Bxa6 33. Qxa6 Ra7 34. Bxb5 Rxa6 35. Bxc6+ Kc7 36. Bxe8 Rxe8 37. Nxh5 Rea8 38. Ra3 Rxa3 39. bxa3 Rxa3 40. Nf6 1-0

[Event "EU-chT Seniors 12th"]
[Site "Dresden"]
[Date "2010.02.14"]
[Round "5"]
[White "Micheel, Peter"]
[Black "Johannsen, Ingbert"]
[Result "1/2-1/2"]
[WhiteElo "1943"]
[BlackElo "2071"]
[PlyCount "76"]
[EventDate "2010.02.10"]
[EventType "team-swiss"]
[EventRounds "9"]
[EventCountry "GER"]
[SourceTitle "CBM 134 Extra"]
[Source "ChessBase"]
[SourceDate "2010.03.03"]
[SourceVersion "1"]
[SourceVersionDate "2010.03.03"]
[SourceQuality "1"]
[WhiteTeam "Dresden (Seniors) II"]
[BlackTeam "Stoertebeker (Seniors)"]
[WhiteTeamCountry "GER"]
[BlackTeamCountry "GER"]

1. e4 e6 2. d4 d5 3. Nc3 Nf6 4. Bg5 Be7 5. e5 Nfd7 6. Bxe7 Qxe7 7. f4 a6 8. Qg4 f5 9. Qh5+ g6 10. Qh6 Nc6 11. Nf3 b6 12. h4 Bb7 13. Qg5 Qb4 14. 0-0-0 Nd8 15. h5 Nf7 16. Qh4 Qe7 17. hxg6 hxg6 18. Qxe7+ Kxe7 19. Be2 c5 20. g3 c4 21. Rh4 Rhg8 22. Rdh1 Rg7 23. Rh7 Rag8 24. Rxg7 Rxg7 25. Ng5 Nxg5 26. fxg5 Nf8 27. Na4 Rh7 28. Rh6 b5 29. Nc5 Bc8 30. Kd2 Kf7 31. Ke3 Rxh6 32. gxh6 g5 33. Bh5+ Kg8 34. Be8 Kh7 35. a4 Kxh6 36. axb5 axb5 37. Bxb5 Kh5 38. Kf3 Kg6 1/2-1/2

[Event "EU-chT Seniors 12th"]
[Site "Dresden"]
[Date "2010.02.12"]
[Round "3"]
[White "Ofstad, Per"]
[Black "Johannsen, Ingbert"]
[Result "1-0"]
[WhiteElo "2187"]
[BlackElo "2071"]
[PlyCount "81"]
[EventDate "2010.02.10"]
[EventType "team-swiss"]
[EventRounds "9"]
[EventCountry "GER"]
[SourceTitle "CBM 134 Extra"]
[Source "ChessBase"]
[SourceDate "2010.03.03"]
[SourceVersion "1"]
[SourceVersionDate "2010.03.03"]
[SourceQuality "1"]
[WhiteTeam "Norway East (Seniors)"]
[BlackTeam "Stoertebeker (Seniors)"]
[WhiteTeamCountry "NOR"]
[BlackTeamCountry "GER"]

1. Nf3 e6 2. d4 Nf6 3. g3 b6 4. Bg2 Bb7 5. 0-0 Be7 6. c4 d5 7. Nc3 0-0 8. b3 Nbd7 9. Bb2 Ne4 10. Nxe4 dxe4 11. Nd2 f5 12. e3 c5 13. Qe2 Bf6 14. f3 exf3 15. Nxf3 Qc7 16. Rad1 Rae8 17. Ne1 cxd4 18. exd4 e5 19. Bxb7 Qxb7 20. Qg2 Qxg2+ 21. Nxg2 exd4 22. Bxd4 Bxd4+ 23. Rxd4 Ne5 24. Rd5 g5 25. Ne3 f4 26. Ng4 Nxg4 27. Rxg5+ Kh8 28. Rxg4 fxg3 29. Rxg3 Rg8 30. Rf7 a5 31. Rxg8+ Kxg8 32. Rb7 Re6 33. Kf2 Rh6 34. Kg3 Rd6 35. Kf4 a4 36. Ke3 axb3 37. axb3 Rh6 38. b4 Rd6 39. c5 bxc5 40. bxc5 Rd5 41. c6 1-0

[Event "Mecklenburg VP-ch Seniors op 09th"]
[Site "Binz"]
[Date "2009.12.07"]
[Round "7.19"]
[White "Fleischer, Martin"]
[Black "Johannsen, Ingbert"]
[Result "1-0"]
[WhiteElo "1785"]
[BlackElo "1932"]
[PlyCount "123"]
[EventDate "2009.12.01"]
[EventType "swiss"]
[EventRounds "9"]
[EventCountry "GER"]
[SourceTitle "EXT 2022"]
[Source "ChessBase"]
[SourceDate "2021.10.06"]
[SourceVersion "1"]
[SourceVersionDate "2021.10.06"]
[SourceQuality "1"]

1. e4 e6 2. Nf3 d5 3. exd5 exd5 4. d4 Nf6 5. Bd3 Bd6 6. Bg5 0-0 7. 0-0 Bg4 8. Nbd2 Nbd7 9. c3 c5 10. dxc5 Nxc5 11. Qc2 h6 12. Be3 Rc8 13. Nd4 Nxd3 14. Qxd3 a6 15. Nf5 Bb8 16. h3 Qc7 17. f4 Bxf5 18. Qxf5 b5 19. Bd4 Ba7 20. Qd3 Rfe8 21. g3 Re7 22. Rfe1 Rce8 23. Rxe7 Rxe7 24. Kg2 Bxd4 25. cxd4 h5 26. Rf1 Ne4 27. Nf3 Qc4 28. Ne5 Qxa2 29. Qc2 Re8 30. Rf3 b4 31. Re3 f6 32. Nd3 Qa5 33. Qc6 Rb8 34. Qe6+ Kh8 35. Qf5 b3 36. Qxh5+ Kg8 37. Rxe4 Qd2+ 38. Qe2 Qc2 39. Qxc2 bxc2 40. Re1 Rb3 41. Nc5 Rxb2 42. Rc1 a5 43. Nd3 Rb3 44. Nc5 Rc3 45. Kf2 Rc4 46. Ke2 a4 47. Kd3 a3 48. Rxc2 Rb4 49. Ra2 Rb1 50. Rxa3 Rh1 51. h4 Kf7 52. Ke3 Kg6 53. Kf2 Kf5 54. Ra7 g6 55. Rd7 Kg4 56. Rxd5 Rh2+ 57. Ke3 Kxg3 58. Ne4+ Kxh4 59. Rd8 Ra2 60. d5 g5 61. Rh8+ Kg4 62. fxg5 1-0

[Event "Mecklenburg VP-ch Seniors op 09th"]
[Site "Binz"]
[Date "2009.12.03"]
[Round "3.5"]
[White "Krueger, Erich"]
[Black "Johannsen, Ingbert"]
[Result "1-0"]
[WhiteElo "2133"]
[BlackElo "1932"]
[PlyCount "65"]
[EventDate "2009.12.01"]
[EventType "swiss"]
[EventRounds "9"]
[EventCountry "GER"]
[SourceTitle "EXT 2022"]
[Source "ChessBase"]
[SourceDate "2021.10.06"]
[SourceVersion "1"]
[SourceVersionDate "2021.10.06"]
[SourceQuality "1"]

1. d4 Nf6 2. c4 e6 3. Nc3 b6 4. e4 d6 5. Nf3 Bb7 6. Qc2 Be7 7. Be2 Nc6 8. d5 exd5 9. cxd5 Nb8 10. 0-0 0-0 11. Nd4 a6 12. f4 Nbd7 13. Be3 Re8 14. Bf2 Bf8 15. Rad1 Qe7 16. Bf3 g6 17. Rfe1 Qd8 18. Nc6 Bxc6 19. dxc6 Nc5 20. e5 Nh5 21. Bxh5 gxh5 22. Qf5 Ne6 23. Nd5 Bg7 24. Qxh5 dxe5 25. fxe5 Qc8 26. Nf6+ Bxf6 27. exf6 Nf4 28. Qg5+ Ng6 29. Re7 Rd8 30. Red7 Rxd7 31. cxd7 Qf8 32. Bg3 h6 33. Qd5 1-0

[Event "Mecklenburg VP-ch Seniors op 09th"]
[Site "Binz"]
[Date "2009.12.01"]
[Round "1.26"]
[White "Heimberg, Guenter"]
[Black "Johannsen, Ingbert"]
[Result "0-1"]
[WhiteElo "1549"]
[BlackElo "1932"]
[PlyCount "98"]
[EventDate "2009.12.01"]
[EventType "swiss"]
[EventRounds "9"]
[EventCountry "GER"]
[SourceTitle "EXT 2022"]
[Source "ChessBase"]
[SourceDate "2021.10.06"]
[SourceVersion "1"]
[SourceVersionDate "2021.10.06"]
[SourceQuality "1"]

1. c4 Nf6 2. g3 e6 3. Bg2 d5 4. d4 Be7 5. Nc3 0-0 6. c5 c6 7. f4 b6 8. b4 a5 9. Ba3 axb4 10. Bxb4 Na6 11. a3 bxc5 12. dxc5 Nxc5 13. Nf3 Nce4 14. Bxe7 Qxe7 15. Qc1 Qa7 16. Nd1 Qa5+ 17. Nd2 Ba6 18. Nf2 Rfd8 19. Bf3 Rab8 20. Nd3 c5 21. Qc2 c4 22. Ne5 Bb5 23. a4 Be8 24. g4 Nxd2 25. Qxd2 c3 26. Qc1 d4 27. 0-0 Nd5 28. Be4 Rb2 29. Nc4 Qb4 30. Bd3 Bxa4 31. Rxa4 Qxa4 32. Nxb2 cxb2 33. Qxb2 Ne3 34. Bb5 Qa8 35. Rf3 Nxg4 36. Bd3 Ne3 37. Qb1 g6 38. Rg3 Rb8 39. Qc1 Rc8 40. Qb2 Qa7 41. h4 Ra8 42. Rf3 Qa1+ 43. Qxa1 Rxa1+ 44. Kh2 h5 45. Rh3 Kf8 46. Kg3 Ke7 47. Kf3 Kd6 48. Ke4 Kc5 49. Rh2 Ng4 0-1

[Event "Bad Bevensen Seniors op 12th"]
[Site "Bad Bevensen"]
[Date "2009.07.08"]
[Round "2"]
[White "Micheel, Peter"]
[Black "Johannsen, Ingbert"]
[Result "0-1"]
[WhiteElo "1747"]
[BlackElo "1923"]
[PlyCount "56"]
[EventDate "2009.07.07"]
[EventType "swiss"]
[EventRounds "9"]
[EventCountry "GER"]
[SourceTitle "EXT 2022"]
[Source "ChessBase"]
[SourceDate "2021.10.06"]
[SourceVersion "1"]
[SourceVersionDate "2021.10.06"]
[SourceQuality "1"]

1. e4 d5 2. exd5 Qxd5 3. Nc3 Qa5 4. Nf3 Bg4 5. h3 Bh5 6. b4 Qb6 7. Bc4 c6 8. Rb1 e6 9. 0-0 Nf6 10. Qe2 Be7 11. a3 0-0 12. d3 Qd8 13. Bf4 Nbd7 14. Qe3 Nb6 15. Ne5 Nfd5 16. Nxd5 cxd5 17. Bb3 f6 18. Nf3 e5 19. Bh2 Bf7 20. Nd2 d4 21. Bxf7+ Rxf7 22. Qf3 Nd5 23. Ne4 Rc8 24. Rfc1 a5 25. Rb3 axb4 26. axb4 Bxb4 27. g4 Qa5 28. Qf5 Rc6 0-1

[Event "Hessen-ch Seniors op 05th"]
[Site "Bad Sooden-Allendorf"]
[Date "2009.05.03"]
[Round "9"]
[White "Blosze, Winfried"]
[Black "Johannsen, Ingbert"]
[Result "1/2-1/2"]
[WhiteElo "1760"]
[BlackElo "1900"]
[PlyCount "96"]
[EventDate "2009.04.25"]
[EventType "swiss"]
[EventRounds "9"]
[EventCountry "GER"]
[SourceTitle "EXT 2022"]
[Source "ChessBase"]
[SourceDate "2021.10.06"]
[SourceVersion "1"]
[SourceVersionDate "2021.10.06"]
[SourceQuality "1"]

1. e4 d5 2. exd5 Qxd5 3. Nc3 Qa5 4. Nf3 Bg4 5. Be2 Nf6 6. b4 Qb6 7. Rb1 e6 8. a3 c6 9. d3 Bd6 10. Ne4 Nxe4 11. dxe4 Qc7 12. Qd4 Bxf3 13. gxf3 e5 14. Qc3 Nd7 15. Rg1 g6 16. Bh6 0-0-0 17. Qb3 Nf8 18. b5 Ne6 19. Be3 c5 20. c3 Rd7 21. Bc4 Re8 22. b6 axb6 23. Bb5 Red8 24. Bxd7+ Qxd7 25. Qxb6 Qc7 26. Ke2 Qxb6 27. Rxb6 Bc7 28. Rb2 f5 29. Rd1 f4 30. Rxd8+ Bxd8 31. Bd2 Kc7 32. a4 Kc6 33. Kf1 b6 34. Kg2 h5 35. Ra2 c4 36. Bc1 Nc5 37. a5 bxa5 38. Ba3 Nd3 39. Kf1 Bb6 40. Bf8 Kb5 41. Be7 a4 42. Ra1 Ba5 43. Ra3 Bb6 44. Ra2 Bc5 45. Bxc5 Nxc5 46. Ke2 Nd3 47. Kd1 Ka5 48. h4 Kb5 1/2-1/2